000 00646cam a2200193 a 4500
001 000001528
005 20200929145617.0
008 730523r19711972cc 000 0 eng d
020 _a0582526027
040 _aDO-SdBNP
_cDLC
_dDLC
082 _a807
_bM817t
100 1 _aMoody, H. L. B.
_q(Harold Leonard Birch),
_d1919-
_95022
245 1 4 _aThe teaching of literature with special reference to developing countries /
_cH.L.B. Moody.
260 _aLondon :
_bLongman,
_c1971
_g1972
300 _a[6], 112 p. :
_bil. ;
_c22 cm.
650 4 _aLiteratura
_xEnseñanza
_95023
910 _aCatalogación por copia / LC
910 _aJornada de catalogación
999 _c1431
_d1431